Countries that don't have A in their name - Statistics

General Stats
  • This quiz has been taken 86 times
  • The average score is 20 of 30
Answer Stats
Answer % Correct
Chile
81%
Sweden
81%
Belize
76%
Djibouti
76%
Morocco
76%
Egypt
75%
Greece
74%
Lesotho
74%
Mexico
74%
Togo
74%
Peru
72%
Comoros
68%
Belgium
67%
Benin
67%
Luxembourg
67%
Niger
67%
Kosovo
65%
Liechtenstein
65%
Yemen
65%
Fiji
64%
Seychelles
61%
Congo (Republic of the)
60%
United Kingdom
60%
Brunei
58%
Burundi
58%
Cyprus
58%
Congo (DR)
57%
Turkey
56%
Philippines
53%
Montenegro
46%
No matching quizzes found
Score Distribution
Percent of People with Each Score
Percentile by Number Answered
Your Score History
You have not taken this quiz